header

Hindu women's property rights in rural India (Record no. 228892)

MARC details
000 -LEADER
fixed length control field 01669nam a2200373 a 4500
082 04 - DEWEY DECIMAL CLASSIFICATION NUMBER
Classification number 346.5404/32
100 1# - MAIN ENTRY--AUTHOR NAME
Personal name Patel, Reena.
245 10 - TITLE STATEMENT
Title Hindu women's property rights in rural India
260 ## - PUBLICATION, DISTRIBUTION, ETC. (IMPRINT)
Place of publication Aldershot, England ;
-- Burlington, VT :
Name of publisher Ashgate,
Year of publication c2007.
300 ## - PHYSICAL DESCRIPTION
Number of Pages ix, 145 p.
505 0# - FORMATTED CONTENTS NOTE
Formatted contents note A conceptual map -- The development of females' proprietary rights in Hindu law -- Conversations : what women think -- An evaluation of women's self-interest in the Hindu law of succession -- Women, work and land rights.
650 #0 - SUBJECT ADDED ENTRY--TOPICAL TERM
Topical Term Women (Hindu law)
Topical Term Women peasants
Topical Term Right of property
Topical Term Property (Hindu law)
Topical Term Inheritance and succession (Hindu law)
856 40 - ELECTRONIC LOCATION AND ACCESS
Uniform Resource Identifier http://site.ebrary.com/lib/rucke/Doc?id=10211427

No items available.

© 2026 Rongo University
Contact us: librarian | system librarian | Rongo university